The calligraphic state : textual domination and history in a Muslim society
Αποθηκεύτηκε σε:
| Κύριος συγγραφέας: | |
|---|---|
| Μορφή: | Βιβλίο |
| Γλώσσα: | English |
| Δημοσίευση: |
Berkley :
University of California Press,
c1993.
|
| Σειρά: | Comparative studies on Muslim societies ;
; 16 |
| Θέματα: | |
| Ετικέτες: |
Προσθήκη ετικέτας
Δεν υπάρχουν, Καταχωρήστε ετικέτα πρώτοι!
|
MARC
| LEADER | 00000cam a2200000 i 4500 | ||
|---|---|---|---|
| 001 | 1/101904 | ||
| 008 | 000216s1993 cau| ||| |||| ||eng|| | ||
| 020 | |a 0520076052 | ||
| 035 | |l 10057872 | ||
| 040 | |a GR-MyUa |b gre |e AACR2 | ||
| 041 | 0 | |a eng | |
| 082 | 7 | |a 297.1975 |2 (22) | |
| 100 | 1 | |a Messick, Brinkley Morris. | |
| 245 | 1 | 4 | |a The calligraphic state : |b textual domination and history in a Muslim society / |c Brinkley Messick. |
| 260 | |a Berkley : |b University of California Press, |c c1993. | ||
| 300 | |a 341σ. : |b χάρ. ; |c 24 εκ. | ||
| 490 | 1 | |a (Comparative studies on Muslim societies ; |v 16) | |
| 504 | |a Περιλαμβάνει βιβλιογραφικές παραπομπές και ευρετήριο. | ||
| 650 | 0 | |a Islam |z Yemen (Rebublic) | |
| 650 | 0 | |a Manuscripts, Arabic |z Yemen (Republic) |x Public opinion. | |
| 650 | 0 | |a Islamic law |z Yemen (Republic) | |
| 650 | 0 | 0 | |a Diplomatics, Arabic |z Yemen (Republic) |x History. |
| 650 | 0 | 0 | |a Public opinion |z Yemen (Republic) |
| 651 | 0 | |a Yemen (Republic) |x Civilization |y 20th century. | |
| 830 | 0 | |a Comparative studies on Muslim societies ; |v ; 16 | |
| 852 | |a INST |b LESVOS |e 20000216 |h 297.1975 MES |p 005100021640 |q 005100021640 |t BK |y 0 | ||
| 901 | |a BIBL1-2000-1 | ||
| 970 | |a ΜΟΥΣΤΑΚΑ |b ΠΗΝΕΛΟΠΗ |z 2000/02/16 | ||